|
|
|
|
| LEADER |
02755nam a2200433 a 4500 |
| 001 |
EBC3339624 |
| 003 |
MiAaPQ |
| 005 |
20200520144314.0 |
| 006 |
m o d | |
| 007 |
cr cn||||||||| |
| 008 |
121116s2013 mauabd sb 001 0 eng d |
| 010 |
|
|
|z 2012038063
|
| 020 |
|
|
|z 9780262019026 (hardcover : alk. paper)
|
| 020 |
|
|
|z 9780262518413 (pbk. : alk. paper)
|
| 020 |
|
|
|a 9780262313339 (electronic bk.)
|
| 035 |
|
|
|a (MiAaPQ)EBC3339624
|
| 035 |
|
|
|a (Au-PeEL)EBL3339624
|
| 035 |
|
|
|a (CaPaEBR)ebr10720583
|
| 035 |
|
|
|a (CaONFJC)MIL498643
|
| 035 |
|
|
|a (OCoLC)945866749
|
| 040 |
|
|
|a MiAaPQ
|c MiAaPQ
|d MiAaPQ
|
| 043 |
|
|
|a e------
|
| 050 |
|
4 |
|a HC240.9.C3
|b C66 2013
|
| 082 |
0 |
4 |
|a 333
|2 23
|
| 245 |
0 |
0 |
|a Cosmopolitan commons
|h [electronic resource] :
|b sharing resources and risks across borders /
|c edited by Nil Disco and Eda Kranakis.
|
| 260 |
|
|
|a Cambridge, Mass. :
|b MIT Press,
|c 2013.
|
| 300 |
|
|
|a x, 345 p. :
|b ill., maps.
|
| 440 |
|
0 |
|a Infrastructures series
|
| 504 |
|
|
|a Includes bibliographical references and index.
|
| 505 |
1 |
|
|a Introduction / Nil Disco and Eda Kranakis -- Toward a theory of cosmopolitan commons / Nil Disco and Eda Kranakis -- Part I: Valorizing nature -- The good miracle: building a European airspace commons, 1919-1939 / Eda Kranakis -- Negotiating the radio spectrum: the incessant labor of maintaining space for European broadcasting / Nina Wormbs -- Conflict and cooperation: negotiating a cosmopolitan hydropower commons in the Karelian Isthmus / Kristiina Korjonen-Kuusipuro -- Part II: Protecting humans and nature -- Predicting the weather: an information commons for Europe and the world / Paul N. Edwards -- Breeding Europe: crop diversity, gene banks, and commoners / Tiago Saraiva -- Under a common acid sky: negotiating transboundary air pollution in Europe / Arne Kaijser -- Part III: Putting it all together: temporal layering and iInterlinking of cosmopolitan commons in nature's spaces -- Changing technology, changing commons: freight, fish and oil in the North Sea / Hakon With Andersen -- One touch of nature makes the whole world kin: ships, fish, phenol and the Rhine, 1815-2000 / Nil Disco -- Conclusions / Nil Disco and Eda Kranakis.
|
| 533 |
|
|
|a Electronic reproduction. Ann Arbor, MI : ProQuest, 2015. Available via World Wide Web. Access may be limited to ProQuest affiliated libraries.
|
| 650 |
|
0 |
|a Infrastructure (Economics)
|z Europe.
|
| 650 |
|
0 |
|a Natural resources
|x International cooperation.
|
| 651 |
|
0 |
|a Europe
|x Economic integration.
|
| 655 |
|
4 |
|a Electronic books.
|
| 700 |
1 |
|
|a Disco, Cornelis.
|
| 700 |
1 |
|
|a Kranakis, Eda.
|
| 710 |
2 |
|
|a ProQuest (Firm)
|
| 856 |
4 |
0 |
|u https://ebookcentral.proquest.com/lib/matrademy/detail.action?docID=3339624
|z Click to View
|